00246nam a22000857a 4500100002300000245007900023260002600102300000700128650002500135 aKulasooriya,Udeshi aAssesment on the quality of edible vegetable iols in the Sri lankan Market aColombobIchemcc2011 a23 aindustrial chemistry